Lost star : (Record no. 2785)

MARC details
000 -LEADER
fixed length control field 00989cam a2200289 a 4500
005 - DATE AND TIME OF LATEST TRANSACTION
control field 20240115121443.0
020 ## - INTERNATIONAL STANDARD BOOK NUMBER
International Standard Book Number 0590416154
020 ## - INTERNATIONAL STANDARD BOOK NUMBER
International Standard Book Number 9780590411592
040 ## - CATALOGING SOURCE
Original cataloging agency DLC
Transcribing agency DLC
Modifying agency DLC
Language of cataloging eng
050 00 - LIBRARY OF CONGRESS CALL NUMBER
Classification number TL540.E3
Item number L38 1988
082 00 - DEWEY DECIMAL CLASSIFICATION NUMBER
Classification number 629.13/092/4
-- B
-- 92
Edition number 19
100 1# - MAIN ENTRY--PERSONAL NAME
Personal name Lauber, Patricia
245 10 - TITLE STATEMENT
Title Lost star :
Remainder of title the story of Amelia Earhart /
Statement of responsibility, etc. Patricia Lauber
260 ## - PUBLICATION, DISTRIBUTION, ETC.
Place of publication, distribution, etc. New York :
Name of publisher, distributor, etc. Scholastic,
Date of publication, distribution, etc. 1988
300 ## - PHYSICAL DESCRIPTION
Extent 106 pages :
Other physical details illustrations ;
Dimensions 20 cm.0
500 ## - GENERAL NOTE
General note Includes index.
505 ## - FORMATTED CONTENTS NOTE
Formatted contents note W
520 ## - SUMMARY, ETC.
Summary, etc. Traces the life of the pilot who became the first woman to fly across the Atlantic Ocean and mysteriously disappeared in 1937 while attempting to fly around the world.
521 ## - TARGET AUDIENCE NOTE
Target audience note 870
Source Lexile
521 ## - TARGET AUDIENCE NOTE
Target audience note W
Source Raz-Plus
650 #0 - SUBJECT ADDED ENTRY--TOPICAL TERM
Topical term or geographic name entry element Air pilots
Geographic subdivision United States
Form subdivision Biography
-- Juvenile literature.
650 #1 - SUBJECT ADDED ENTRY--TOPICAL TERM
Topical term or geographic name entry element Air pilots.
650 #1 - SUBJECT ADDED ENTRY--TOPICAL TERM
Topical term or geographic name entry element Women
Form subdivision Biography.
906 ## - LOCAL DATA ELEMENT F, LDF (RLIN)
a 7
b cbc
c orignew
d 1
e ocip
f 19
g y-gencatlg
942 ## - ADDED ENTRY ELEMENTS (KOHA)
Source of classification or shelving scheme Dewey Decimal Classification
Koha item type Books
Suppress in OPAC No
999 ## -
-- 2785
-- 2785
Holdings
Withdrawn status Lost status Source of classification or shelving scheme Damaged status Not for loan Collection Home library Current library Shelving location Date acquired Total Checkouts Full call number Barcode Date last seen Price effective from Koha item type
    Dewey Decimal Classification     Non-Fiction Footprints International School Library Network Toul Kork Campus Footprints International School Library Network Toul Kork Campus TTP Secondary Non-Fiction Bookshelves 01/15/2024   LAU 629.13/092/4 TL540.E3 FISSE00563 01/15/2024 01/15/2024 Books